000 00503nam a22001817a 4500
003 SISC
005 20160321143133.0
008 130823t xxu||||| |||| 00| 0 eng d
020 _a9780789302311
050 _aM 1507
_b.W368 1998
082 _aHS 781.17
_bW38 1998
100 _aWebbber, Andrew Lloyd
_912859
245 _aRodgers and Hammerstein :
_bIllustrated songbook /
_cAndre Lloyd Webber.
300 _a192 p. ;
_c31 cm.
650 _aMusic
_xSongbook
_912860
942 _2lcc
_cBK
999 _c9220
_d9220